[Event "Bratto Gorgonzola op-B"]
[Site "Bratto"]
[Date "2006.08.25"]
[Round "6"]
[White "Rozzoni, Davide"]
[Black "Paniga, Danilo"]
[Result "1-0"]
[WhiteElo "1714"]
[BlackElo "1815"]
[PlyCount "107"]
[EventDate "2006.08.20"]
[EventType "swiss"]
[EventRounds "8"]
[EventCountry "ITA"]
[SourceTitle "EXT 2008"]
[Source "ChessBase"]
[SourceDate "2007.11.25"]
[SourceVersion "1"]
[SourceVersionDate "2007.11.25"]
[SourceQuality "1"]

1. g3 Nf6 2. Nh3 d5 3. d3 Bf5 4. f3 e6 5. Bg2 c6 6. e3 Bd6 7. Nf2 Qc7 8. e4 Bg6 9. Nc3 Na6 10. Be3 Nd7 11. Ne2 f6 12. Nf4 Bf7 13. Bh3 Nf8 14. c3 0-0-0 15. exd5 g5 16. Nxe6 Bxe6 17. dxe6 Kb8 18. Ne4 Qe7 19. Qb3 Nc5 20. Nxc5 Bxc5 21. Bxc5 Qxc5 22. d4 Qd6 23. 0-0-0 h5 24. Rhe1 Ng6 25. e7 Nxe7 26. Qe6 Nd5 27. Qxd6+ Rxd6 28. Bf5 h4 29. Be4 Kc7 30. Bxd5 cxd5 31. g4 Kd7 32. Rd2 Re6 33. Rde2 Rxe2 34. Rxe2 Kd6 35. Kc2 Rc8 36. a4 Kd7 37. b3 b6 38. Kd3 a6 39. Rc2 Re8 40. Re2 Rc8 41. c4 Kd6 42. Rc2 dxc4+ 43. bxc4 Rc7 44. Re2 Rc8 45. d5 Kc5 46. Re6 Rf8 47. Kc3 Rc8 48. Rxf6 Rc7 49. Rc6+ Rxc6 50. dxc6 Kxc6 51. Kd4 Kd6 52. Ke4 Ke6 53. f4 Kf6 54. f5 1-0